Score 0/20 Timer 04:00
0 Plays Today
TV Show Answer % Correct
Grey's ___ (A)Anatomy
99.1%
(The) Girls Next ___ (D)Door
98.6%
(The) Greatest Show on ___ (E)Earth
97.7%
Gossip ___ (G)Girl
97.7%
Game of ___ (T)Thrones
97.2%
George of the ___ (J)Jungle
97.1%
Gilligan's ___ (I)Island
95.9%
Grace Under ___ (F)Fire
95.4%
Grounded for ___ (L)Life
94.1%
Girl Meets ___ (W)World
90.3%
TV Show Answer % Correct
General ___ (H)Hospital
85.5%
Gap ___ (Y)Year
75.8%
Gentle ___ (B)Ben
71.1%
Good Luck ___ (C)Charlie
69.7%
The Great Food Truck ___ (R)Race
67.8%
(The) Ghost & Mrs. ___ (M)Muir
60%
Getting ___ (O)On
46.9%
(The) Girl from ___ (U)U.N.C.L.E.
44.9%
Gavin and ___ (S)Stacey
29.2%
(The) Glee ___ (P)Project
23.6%

Today's Daily Dose

Remove Ads.
Support Sporcle.
Get the best of Sporcle when you Go Orange. This ad-free experience offers more features, more stats, and more fun while also helping to support Sporcle. Thank you for becoming a member.

You're not logged in!

Compare scores with friends on all Sporcle quizzes.
OR
Log In

Show Comments

Extras

Top Quizzes Today


Score Distribution

Your Account Isn't Verified!

In order to create a playlist on Sporcle, you need to verify the email address you used during registration. Go to your Sporcle Settings to finish the process.

Report this User

Report this user for behavior that violates our Community Guidelines.

Details: